000 00285nam a22001217a 4500
082 _a900
100 _aRay,Priyadaranjan
_981636
245 _athe Culture heritage Of India
250 _aVolume VI
260 _aBelur Math
_bRamakrishna Mission
_c2013
650 _aHistory
942 _cBK
999 _c65791
_d65791